| 000 | 01187cam a2200349 a 4500 | ||
|---|---|---|---|
| 999 |
_c200429458 _d47382 |
||
| 001 | 200429458 | ||
| 003 | TR-AnTOB | ||
| 005 | 20240902160329.0 | ||
| 007 | ta | ||
| 008 | 070222s2006 tu a b 00010 tur d | ||
| 020 | _a9758784404 | ||
| 040 |
_aGAZIU _beng _erda _cGAZIU _dTR-AnTOB |
||
| 041 | 0 | _atur | |
| 050 | 0 | 0 |
_aJN34.7 _b.K87 2006 |
| 090 |
_aJN34.7 _b.K87 2006 |
||
| 100 | 1 |
_aKurubaş, Erol, _d1971- _eauthor _912277 |
|
| 245 | 1 | 0 |
_aAsimilasyondan tanınmaya : _buluslararası alanda azınlık sorunları ve Avrupa yaklaşımı / _cErol Kurubaş. |
| 250 | _a2. Baskı | ||
| 264 | 1 |
_aAnkara : _bAsil, _c2006. |
|
| 300 |
_a343 pages : _billustrations ; _c22 cm. |
||
| 336 |
_atext _2rdacontent |
||
| 337 |
_aunmediated _2rdamedia |
||
| 338 |
_avolume _2rdacarrier |
||
| 504 | _aIncludes bibliographical references (pages 325-343) | ||
| 590 | _dDonated by Levent Kuşoğlu | ||
| 650 | 7 |
_aAzınlıklar _zAvrupa _2etuturkob _968931 |
|
| 650 | 0 |
_aMinorities _zEurope _9119708 |
|
| 650 | 7 |
_aAzınlıklar _xHukuki durum, kanunlar, vb. _zAvrupa _2etuturkob _9119710 |
|
| 650 | 0 |
_aMinorities _xLegal status, laws, etc. _zEurope _9119709 |
|
| 942 |
_2lcc _cBK |
||